| 000 | 00871cam a2200277 i 4500 | ||
|---|---|---|---|
| 001 | 61513 | ||
| 003 | Mx-PuUPA | ||
| 005 | 20211012115803.0 | ||
| 008 | 141007s2009 xxua r 000 0 spa d | ||
| 020 | _a9780387890234 | ||
| 040 |
_aMx-PuUPA _bspa _cMx-PuUPA _dMx-PuUPA _erda |
||
| 041 | 0 | _aeng | |
| 245 | 0 | 0 |
_aHandbook of multimedia for digital entertainment and arts / _cBorko Furht, editor. |
| 264 | 1 |
_aDordrecht : _aLondon : _bSpringer, _c2009 |
|
| 300 |
_axvi, 769 páginas : _bilustraciones ; _c24 cm. |
||
| 336 |
_atexto _2rdacontent _btxt |
||
| 337 |
_asin medio _2rdamedia _bn |
||
| 338 |
_avolumen _2rdacarrier _bnc |
||
| 650 | 4 | _aMultimedia | |
| 650 | 4 | _aSistemas multimedia | |
| 650 | 4 |
_aArte _xTelecomunicaciones |
|
| 700 | 1 |
_aFurht, Borko, _eeditor |
|
| 942 |
_2ddc _cLI _h006.7 _iH233 |
||
| 999 |
_c61513 _d61513 |
||